| 000 | 00924nam a22002537a 4500 | ||
|---|---|---|---|
| 999 |
_c12342 _d12342 |
||
| 003 | EG-ScBUE | ||
| 005 | 20210525112037.0 | ||
| 008 | 090712s2004 ua f 000 e ara d | ||
| 020 | _a9770910384 | ||
| 040 |
_aEG-ScBUE _bara _erda _cEG-ScBUE _dEG-ScBUE |
||
| 082 | 0 | 4 |
_a892.746 _bح ك ي _222 |
| 100 | 1 |
_aالحكيم، توفيق، _d1898-1987، _eمؤلف. _931304 |
|
| 245 |
_aفي الوقت الضائع : _bالأعمال الكاملة / _cتوفيق الحكيم. |
||
| 264 | 1 |
_aالقاهرة : _bدار الشروق، _c2004. |
|
| 300 | 3 |
_a381 صفحة ؛ _c18 سم |
|
| 336 |
_2rdacontent _aنص _btxt |
||
| 337 |
_2rdamedia _aبدون وسيط _bn |
||
| 338 |
_2rdacarrier _aمجلد _bnc |
||
| 650 | 7 |
_aالمقالات العربية _yقرن 20. _2BUEsh |
|
| 651 | _2BUEsh | ||
| 653 |
_bARALIT _cMay2021 |
||
| 655 |
_vReading book _934232 |
||
| 942 |
_2ddc _cBB _h814.962 ح ك ي |
||